| 000 | 01778aam a2200349 i 4500 | ||
|---|---|---|---|
| 001 | 768714001 | ||
| 003 | CO-MdFUSB | ||
| 005 | 20220504163641.0 | ||
| 007 | ta | ||
| 008 | 160907t -us |||| |||| 00| 0 eng d | ||
| 020 | _a9781587431661 | ||
| 040 |
_cCO-MdFUSB _dCO-MdFUSB _aCO-MdFUSB _bspa _erda |
||
| 041 | 0 | _aeng | |
| 082 |
_224 _aR 220.77 _bB827b |
||
| 100 | 1 |
_aJenson, Robert W. _eautor |
|
| 245 | 1 |
_aEzekiel _c/ Robert W. Jenson |
|
| 264 | 1 |
_aGrand Rapids, Michigan : _bBrazos Press, _c[2009] |
|
| 264 | 4 | _c© 2009 | |
| 300 |
_a367 páginas _c; 24 cm |
||
| 336 |
_2rdacontent _atexto _btxt |
||
| 337 |
_2rdamedia _asin mediación _bn |
||
| 338 |
_2rdacarrier _avolumen _bnc |
||
| 490 | _aBrazos Theological Commentary on the Bible | ||
| 501 | _aPasta dura | ||
| 520 | _aLos pastores y líderes de la iglesia clásica, como Agustín, Calvino, Lutero y Wesley, interpretaron la Biblia teológicamente, creyendo que la Escritura como un todo testificaba del evangelio de Jesucristo. Los intérpretes modernos de la Biblia cuestionaron esta premisa. Pero en las últimas décadas, una masa crítica de teólogos y estudiosos de la Biblia ha comenzado a reafirmar la prioridad de una lectura teológica de la Escritura. El Comentario teológico de Brazos sobre la Biblia alista a destacados teólogos para leer e interpretar las Escrituras para el siglo XXI, tal como lo hicieron los padres de la iglesia, los reformadores y otros cristianos ortodoxos en su tiempo y lugar. En esta adición a la serie, el estimado teólogo Robert W. Jenson presenta una exégesis teológica de Ezequiel. | ||
| 563 | _aPasta dura | ||
| 630 | 0 | 7 |
_aBiblia. _pEzequiel |
| 653 | _aBiblia -- Ezequiel -- Comentarios | ||
| 942 | _cREF | ||
| 945 | _aJTF-925 | ||
| 999 |
_c46918 _d46918 |
||